<?xml version="1.0" encoding="UTF-8"?>
<record
    xmlns:xsi="http://www.w3.org/2001/XMLSchema-instance"
    xsi:schemaLocation="http://www.loc.gov/MARC21/slim http://www.loc.gov/standards/marcxml/schema/MARC21slim.xsd"
    xmlns="http://www.loc.gov/MARC21/slim">

  <leader>00343nam a2200145 a 4500</leader>
  <datafield tag="999" ind1=" " ind2=" ">
    <subfield code="c">23567</subfield>
    <subfield code="d">23567</subfield>
  </datafield>
  <controlfield tag="005">20240214075545.0</controlfield>
  <controlfield tag="008">101209s1991||||                        d</controlfield>
  <datafield tag="020" ind1=" " ind2=" ">
    <subfield code="c">10</subfield>
  </datafield>
  <datafield tag="040" ind1=" " ind2=" ">
    <subfield code="c">sl</subfield>
  </datafield>
  <datafield tag="041" ind1=" " ind2=" ">
    <subfield code="a">slo</subfield>
  </datafield>
  <datafield tag="044" ind1=" " ind2=" ">
    <subfield code="a">xo</subfield>
    <subfield code="c">SK</subfield>
  </datafield>
  <datafield tag="100" ind1="1" ind2=" ">
    <subfield code="a">Kandr&#xE1;&#x10D;ov&#xE1;, Monika</subfield>
    <subfield code="9">3896</subfield>
  </datafield>
  <datafield tag="245" ind1="1" ind2="0">
    <subfield code="a">Dze &#x161;i, Sos&#x148;i&#x10D;ko, rosla</subfield>
  </datafield>
  <datafield tag="260" ind1=" " ind2=" ">
    <subfield code="b">A.R.I.</subfield>
    <subfield code="a">Pre&#x161;ov</subfield>
    <subfield code="c">1991</subfield>
  </datafield>
  <datafield tag="952" ind1=" " ind2=" ">
    <subfield code="0">0</subfield>
    <subfield code="1">0</subfield>
    <subfield code="2">udc</subfield>
    <subfield code="4">0</subfield>
    <subfield code="7">0</subfield>
    <subfield code="8">K</subfield>
    <subfield code="a">10000</subfield>
    <subfield code="b">10000</subfield>
    <subfield code="d">2024-02-14</subfield>
    <subfield code="g">0.00</subfield>
    <subfield code="i">14093</subfield>
    <subfield code="l">1</subfield>
    <subfield code="o">I0164</subfield>
    <subfield code="p">I0164</subfield>
    <subfield code="r">2024-03-01</subfield>
    <subfield code="s">2024-02-14</subfield>
    <subfield code="w">2024-02-14</subfield>
    <subfield code="y">OLDO</subfield>
  </datafield>
</record>
